<?xml version="1.0" encoding="UTF-8"?>
<record
    xmlns:xsi="http://www.w3.org/2001/XMLSchema-instance"
    xsi:schemaLocation="http://www.loc.gov/MARC21/slim http://www.loc.gov/standards/marcxml/schema/MARC21slim.xsd"
    xmlns="http://www.loc.gov/MARC21/slim">

  <leader>03216cam a2200349 a 4500</leader>
  <controlfield tag="003">EG-GiCUC</controlfield>
  <controlfield tag="005">20250223032109.0</controlfield>
  <controlfield tag="008">181101s2018    ua dh  f m    000 0 eng d</controlfield>
  <datafield tag="040" ind1=" " ind2=" ">
    <subfield code="a">EG-GiCUC</subfield>
    <subfield code="b">eng</subfield>
    <subfield code="c">EG-GiCUC</subfield>
  </datafield>
  <datafield tag="041" ind1="0" ind2=" ">
    <subfield code="a">eng</subfield>
  </datafield>
  <datafield tag="049" ind1=" " ind2=" ">
    <subfield code="a">Deposite</subfield>
  </datafield>
  <datafield tag="097" ind1=" " ind2=" ">
    <subfield code="a">Ph.D</subfield>
  </datafield>
  <datafield tag="099" ind1=" " ind2=" ">
    <subfield code="a">Cai01.11.25.Ph.D.2018.Ah.C</subfield>
  </datafield>
  <datafield tag="100" ind1="0" ind2=" ">
    <subfield code="a">Ahmad Salah Muhammad Abutaleb</subfield>
  </datafield>
  <datafield tag="245" ind1="1" ind2="0">
    <subfield code="a">Combined latarjet and remplissage vs latarjet only in management of recurrent anterior shoulder dislocation with significant bipolar bony defects / </subfield>
    <subfield code="c">Ahmad Salah Muhammad Abu Taleb ; Supervised Khaled Abdelsalam Shohayeb , Waleed Reda , Ahmad Fouad Seif Eldin</subfield>
  </datafield>
  <datafield tag="246" ind1="1" ind2="5">
    <subfield code="a">&#x645;&#x642;&#x627;&#x631;&#x646;&#x647; &#x645;&#x627; &#x628;&#x64A;&#x646; &#x627;&#x644;&#x62C;&#x645;&#x639; &#x628;&#x64A;&#x646; &#x639;&#x645;&#x644;&#x64A;&#x647; &#x644;&#x627;&#x62A;&#x631;&#x62C;&#x64A;&#x647; &#x648; &#x645;&#x644;&#x626; &#x627;&#x644;&#x641;&#x631;&#x627;&#x63A; &#x627;&#x644;&#x639;&#x638;&#x645;&#x649; &#x644;&#x639;&#x638;&#x645;&#x647; &#x627;&#x644;&#x639;&#x636;&#x62F; (&#x647;&#x64A;&#x644; &#x633;&#x627;&#x643;&#x633;) &#x648; &#x639;&#x645;&#x644;&#x64A;&#x647; &#x644;&#x627;&#x62A;&#x631;&#x62C;&#x64A;&#x647; &#x648;&#x62D;&#x62F;&#x647;&#x627; &#x641;&#x649; &#x639;&#x644;&#x627;&#x62C; &#x62E;&#x644;&#x639; &#x627;&#x644;&#x643;&#x62A;&#x641; &#x627;&#x644;&#x623;&#x645;&#x627;&#x645;&#x649; &#x627;&#x644;&#x645;&#x62A;&#x643;&#x631;&#x631; &#x627;&#x644;&#x645;&#x635;&#x62D;&#x648;&#x628; &#x628;&#x641;&#x642;&#x62F;&#x627;&#x646; &#x639;&#x638;&#x645;&#x649; &#x645;&#x639;&#x62A;&#x628;&#x631; &#x62B;&#x646;&#x627;&#x626;&#x649; &#x627;&#x644;&#x642;&#x637;&#x628;&#x64A;&#x646;</subfield>
  </datafield>
  <datafield tag="260" ind1=" " ind2=" ">
    <subfield code="a">Cairo : </subfield>
    <subfield code="b">Ahmad Salah Muhammad Abutaleb , </subfield>
    <subfield code="c">2018</subfield>
  </datafield>
  <datafield tag="300" ind1=" " ind2=" ">
    <subfield code="a">165 P. : </subfield>
    <subfield code="b">charts , facsimiles ; </subfield>
    <subfield code="c">25cm</subfield>
  </datafield>
  <datafield tag="502" ind1=" " ind2=" ">
    <subfield code="a">Thesis (Ph.D.) - Cairo University - Faculty of Medicine - Department of Orthopaedic Surgery</subfield>
  </datafield>
  <datafield tag="520" ind1=" " ind2=" ">
    <subfield code="a">Thus, the concept of {u2018}bipolar bone loss{u2019} has emerged as critical in the surgical treatment of recurrent shoulder instability. Surgeons should adopt a treatment paradigm that focuses on the relationship between both osseous defects and incorporates a surgical tactic to appropriately address each lesion. Pathology related to glenohumeral instability is further described in terms of the tissue avulsed, the location of the avulsion and the pathoanatomic features of the associated osseous injuries.(3). Latarjet procedure has been performed with success in cases with glenoid bone loss to increase the articular arc resulting in decreased rates of recurrence from 67% to 4.9%.(4). Arthroscopic remplissage also prevented engagement when performed as a complementary step in arthroscopic Bankart repair associated with large hill-sachs defects.(5).The purpose of this study was to compare, in a randomized controlled trial, the short-term functional outcome and recurrence rates in patients with significant bipolar bony lesions. Two treatment plans were compared, combined arthroscopic remplissage and open Latarjet procedure versus Latarjet alone. The following were addressed and documented: Radiological assessment and quantification of anterior glenoid bone loss and Hill-Sachs defect using different methods. Postoperative range of motion (ROM) compared to preoperative values. Postoperative constant-Murley and Rowe instability scores compared to preoperative scores. Comparison of the above-mentioned items between both groups. Recurrence of shoulder dislocation in the 2 groups</subfield>
  </datafield>
  <datafield tag="530" ind1=" " ind2=" ">
    <subfield code="a">Issued also as CD</subfield>
  </datafield>
  <datafield tag="653" ind1=" " ind2="4">
    <subfield code="a">Combined</subfield>
  </datafield>
  <datafield tag="653" ind1=" " ind2="4">
    <subfield code="a">Latarjet</subfield>
  </datafield>
  <datafield tag="653" ind1=" " ind2="4">
    <subfield code="a">Only in management</subfield>
  </datafield>
  <datafield tag="700" ind1="0" ind2=" ">
    <subfield code="a">Ahmad Fouad Seif Eldin , </subfield>
    <subfield code="e">Supervisor</subfield>
  </datafield>
  <datafield tag="700" ind1="0" ind2=" ">
    <subfield code="a">Khaled Abdelsalam Shohayeb , </subfield>
    <subfield code="e">Supervisor</subfield>
  </datafield>
  <datafield tag="700" ind1="0" ind2=" ">
    <subfield code="a">Waleed Reda , </subfield>
    <subfield code="e">Supervisor</subfield>
  </datafield>
  <datafield tag="856" ind1=" " ind2=" ">
    <subfield code="u">http://172.23.153.220/th.pdf</subfield>
  </datafield>
  <datafield tag="905" ind1=" " ind2=" ">
    <subfield code="a">Nazla</subfield>
    <subfield code="e">Revisor</subfield>
  </datafield>
  <datafield tag="905" ind1=" " ind2=" ">
    <subfield code="a">Samia</subfield>
    <subfield code="e">Cataloger</subfield>
  </datafield>
  <datafield tag="942" ind1=" " ind2=" ">
    <subfield code="2">ddc</subfield>
    <subfield code="c">TH</subfield>
  </datafield>
  <datafield tag="999" ind1=" " ind2=" ">
    <subfield code="c">68277</subfield>
    <subfield code="d">68277</subfield>
  </datafield>
  <datafield tag="952" ind1=" " ind2=" ">
    <subfield code="2">ddc</subfield>
    <subfield code="7">0</subfield>
    <subfield code="a">CUCL</subfield>
    <subfield code="b">cl210</subfield>
    <subfield code="d">2024-02-11</subfield>
    <subfield code="o">Cai01.11.25.Ph.D.2018.Ah.C</subfield>
    <subfield code="p">01010110076319000</subfield>
    <subfield code="r">2023-09-22 00:00:00</subfield>
    <subfield code="y">TH</subfield>
  </datafield>
  <datafield tag="952" ind1=" " ind2=" ">
    <subfield code="2">ddc</subfield>
    <subfield code="7">0</subfield>
    <subfield code="a">CUCL</subfield>
    <subfield code="b">cl2u8</subfield>
    <subfield code="d">2024-02-11</subfield>
    <subfield code="o">Cai01.11.25.Ph.D.2018.Ah.C</subfield>
    <subfield code="p">01020110076319000</subfield>
    <subfield code="r">2023-09-22 00:00:00</subfield>
    <subfield code="t">76319.CD</subfield>
    <subfield code="y">CD</subfield>
  </datafield>
</record>
